banner-ar

مكان بين الامم : اسرائيل والعالم / (Record no. 49126)

MARC details
000 -الفاتح
حقل البيانات ثابتة الطول 00669nam a2200193Ia 4500
008 - عناصر البيانات ثابتة الطول - معلومات عامة
حقل البيانات ثابتة الطول 140319s9999 xx 000 0 ara d
040 ## - مصدر الفهرسة
وكالة الفهرسة الأصلية GCL /
وكالة النسخ GCL
082 04 - رقم تصنيف ديوى العشرى
رقم التصنيف 320.56
رقم المادة ن م
100 1# - المدخل الرئيسى - إسم شخصى
الإسم الشخصى نتنياهو, بنيامين
245 10 - بيان العنوان
العنوان مكان بين الامم : اسرائيل والعالم /
بيان المسئوليه,etc نتنياهو, بنيامين
700 1# - المدخل الاضافى - اسم شخصى
الإسم الشخصى محمد عودة الدويرى (مترجم)
700 1# - المدخل الاضافى - اسم شخصى
الإسم الشخصى كلثوم السعدى
300 ## - الوصف المادى
التعداد 420 ص
490 ## - بيان السلسلة
عنوان السلسلة الهيئة العامة للاستعلامات
رقم المجلد/ التعيين التسلسلي 0
650 04 - المدخل الاضافى بالموضوع-مصطلح موضوعى
مصطلح موضوعي اسرائيل - الاحوال السياسية
650 04 - المدخل الاضافى بالموضوع-مصطلح موضوعى
مصطلح موضوعي الصهيونية - تاريخ
942 ## - عناصر المدخل الإضافي( كوها)
مصدر التصنيف او مخطط الترفيف Dewey Decimal Classification
Koha [default] item type كتاب
Holdings
حالة التراجع حالة الفقد حالة تلف ليس للاعارة المكان المؤقت الموقع الحالى تاريخ الاكتساب اجمالي اﻻعارات رقم الطلب الباركود تاريخ اخر مشاهدة تاريخ تفعيل السعر نوع وعاء كوها
        مكتبة القاهرة الكبرى مكتبة القاهرة الكبرى 03/26/2014   320.56\ن م 118097 03/26/2014 03/26/2014 كتاب
        مكتبة القاهرة الكبرى مكتبة القاهرة الكبرى 03/26/2014   320.56\ن م 118098 03/26/2014 03/26/2014 كتاب

Powered By

EGPV